<?xml version="1.0" encoding="UTF-8"?>
<record
    xmlns:xsi="http://www.w3.org/2001/XMLSchema-instance"
    xsi:schemaLocation="http://www.loc.gov/MARC21/slim http://www.loc.gov/standards/marcxml/schema/MARC21slim.xsd"
    xmlns="http://www.loc.gov/MARC21/slim">

  <leader>01650nam a2200349 i 4500</leader>
  <controlfield tag="001">53996</controlfield>
  <controlfield tag="003">ES-MaACL</controlfield>
  <controlfield tag="005">20250825062628.0</controlfield>
  <controlfield tag="007">t|</controlfield>
  <controlfield tag="008">031120s2002    sp f         |||| |dspa d</controlfield>
  <datafield tag="020" ind1=" " ind2=" ">
    <subfield code="a">84-9740-023-2</subfield>
  </datafield>
  <datafield tag="080" ind1=" " ind2=" ">
    <subfield code="a">821.134.2-34"18/19"(082.2)</subfield>
  </datafield>
  <datafield tag="080" ind1=" " ind2=" ">
    <subfield code="a">791.43(0:82)</subfield>
  </datafield>
  <datafield tag="245" ind1="0" ind2="0">
    <subfield code="a">Cuentos de cine / </subfield>
    <subfield code="c">Vicente Blasco Ib&#xE1;&#xF1;ez ... [et al.] ; edici&#xF3;n a cargo de Jes&#xFA;s Fern&#xE1;ndez Vallejo.</subfield>
  </datafield>
  <datafield tag="260" ind1=" " ind2=" ">
    <subfield code="a">Madrid : </subfield>
    <subfield code="b">Castalia, </subfield>
    <subfield code="c">[2002]</subfield>
  </datafield>
  <datafield tag="300" ind1=" " ind2=" ">
    <subfield code="a">209 p., [6] p. de l&#xE1;m. ; </subfield>
    <subfield code="c">19 cm.</subfield>
  </datafield>
  <datafield tag="490" ind1="1" ind2=" ">
    <subfield code="a">Castalia prima ; </subfield>
    <subfield code="v">19</subfield>
  </datafield>
  <datafield tag="504" ind1=" " ind2=" ">
    <subfield code="a">Bibliograf&#xED;a: p. 205-208.</subfield>
  </datafield>
  <datafield tag="505" ind1="0" ind2=" ">
    <subfield code="a">La vieja del cinema / Vicente Blasco Ib&#xE1;&#xF1;ez . Una pel&#xED;cula del "Quijote" / Seraf&#xED;n y Joaqu&#xED;n &#xC1;lvarez Quintero . Polar, estrella / Francisco Ayala . La oficina / Carmen Mart&#xED;n Gaite . Cinema Ideal / Rafael Azcona . El doble / Jes&#xFA;s Fern&#xE1;ndez Santos . El ni&#xF1;o lobo del Cine Mari / Jos&#xE9; Mar&#xED;a Merino . Adi&#xF3;s, Antinea / Marina Mayoral . Un paciente impaciente / Gonzalo Su&#xE1;rez . Los mejores a&#xF1;os de nuestra vida / Jos&#xE9; Luis Garci</subfield>
  </datafield>
  <datafield tag="650" ind1=" " ind2="4">
    <subfield code="a">Cuentos espa&#xF1;oles-</subfield>
    <subfield code="y">S.XIX.</subfield>
    <subfield code="9">172955</subfield>
  </datafield>
  <datafield tag="650" ind1=" " ind2="4">
    <subfield code="a">Cuentos espa&#xF1;oles-</subfield>
    <subfield code="y">S.XX.</subfield>
    <subfield code="9">11487</subfield>
  </datafield>
  <datafield tag="650" ind1=" " ind2="4">
    <subfield code="a">Cuentos-</subfield>
    <subfield code="v">Libros infantiles.</subfield>
    <subfield code="9">11478</subfield>
  </datafield>
  <datafield tag="650" ind1=" " ind2="4">
    <subfield code="a">Cine-</subfield>
    <subfield code="x">En la literatura.</subfield>
    <subfield code="9">173375</subfield>
  </datafield>
  <datafield tag="655" ind1=" " ind2="7">
    <subfield code="a">Libros infantiles</subfield>
    <subfield code="2">tgfbne</subfield>
    <subfield code="9">226786</subfield>
  </datafield>
  <datafield tag="700" ind1="1" ind2=" ">
    <subfield code="a">Fern&#xE1;ndez Vallejo, Jes&#xFA;s.</subfield>
    <subfield code="9">50141</subfield>
  </datafield>
  <datafield tag="700" ind1="1" ind2=" ">
    <subfield code="a">Blasco Ib&#xE1;&#xF1;ez, Vicente,</subfield>
    <subfield code="d">1867-1928</subfield>
    <subfield code="9">29388</subfield>
  </datafield>
  <datafield tag="700" ind1="1" ind2=" ">
    <subfield code="a">&#xC1;lvarez Quintero, Joaqu&#xED;n,</subfield>
    <subfield code="d">1873-1944</subfield>
    <subfield code="9">20922</subfield>
  </datafield>
  <datafield tag="700" ind1="1" ind2=" ">
    <subfield code="a">&#xC1;lvarez Quintero, Seraf&#xED;n,</subfield>
    <subfield code="d">1871-1938</subfield>
    <subfield code="9">226443</subfield>
  </datafield>
  <datafield tag="830" ind1="1" ind2=" ">
    <subfield code="a">Castalia prima ; </subfield>
    <subfield code="v">19</subfield>
    <subfield code="9">182481</subfield>
  </datafield>
  <datafield tag="852" ind1="4" ind2=" ">
    <subfield code="a">ES-MaACL</subfield>
    <subfield code="j">L-26681</subfield>
  </datafield>
  <datafield tag="999" ind1=" " ind2=" ">
    <subfield code="c">53996</subfield>
    <subfield code="d">53996</subfield>
  </datafield>
  <datafield tag="952" ind1=" " ind2=" ">
    <subfield code="0">0</subfield>
    <subfield code="1">0</subfield>
    <subfield code="4">0</subfield>
    <subfield code="7">0</subfield>
    <subfield code="a">ATENEOM</subfield>
    <subfield code="b">ATENEOM</subfield>
    <subfield code="c">DEPO2</subfield>
    <subfield code="d">2008-01-17</subfield>
    <subfield code="e">SC</subfield>
    <subfield code="l">0</subfield>
    <subfield code="o">L-26681</subfield>
    <subfield code="p">1056748</subfield>
    <subfield code="r">2023-02-23 00:00:00</subfield>
    <subfield code="w">2023-02-23</subfield>
    <subfield code="y">MONOGRAFIA</subfield>
  </datafield>
</record>
